000 00881nam a22002177a 4500
999 _c9020
_d9020
005 20251125232821.0
008 s2543 th tha d
020 _a9747833433
040 _aNALT
041 _atha
050 _aJQ1745 ป472ป 2543
245 1 0 _aปรีดี พนมยงค์ กับสังคมไทย
260 3 _aกรุงเทพฯ :
_bสำนักพิมพ์แห่งมหาวิทยาลัยธรรมศาสตร์,
_c2543
300 _a491 หน้า :
_b ตาราง ;
_c 20 ซม.
650 0 4 _aปรีดี พนมยงค์ -- 2443--2526
650 0 4 _aปรีดี พนมยงค์ -- ผลงาน
850 _aNALT
856 4 0 _uhttps://hdl.handle.net/20.500.14156/448398
_71
942 _cGB
_2lcc
_03
998 _j8
_k บัณฑิต อุทาวงค์